| 000 | 01249nam a2200265Ia 4500 | ||
|---|---|---|---|
| 003 | OSt | ||
| 005 | 20220105144719.0 | ||
| 008 | 210310s1975 mx fr 001 0 spa d | ||
| 040 |
_aCO-JMCR _cCO-JMCR |
||
| 041 | 1 |
_aspa _heng |
|
| 082 | 0 | 4 |
_a338.9 / _bB225e1 _223 |
| 100 | 1 |
_aBaran, Paul A., _918164 _eautor |
|
| 245 | 1 | 3 |
_aLa economía política del crecimiento / _cPaul A. Baran ; [traducción de Nathan Warman] |
| 250 | _aSegunda edición | ||
| 260 |
_aMéxico : _bFondo de Cultura Económica, _c1975. |
||
| 300 |
_a381 páginas ; _c21 cm. |
||
| 490 | 0 | _aSección de obras de Economía | |
| 500 | _aIncluye índice analítico y notas a pie de página. Título original: The political economy of growth | ||
| 505 | 0 | _aPanorama general -- El concepto de excedente económico -- Estancamiento y desarrollo del capitalismo monopolista (I) -- Estancamiento y desarrollo del capitalismo monopolista (II) -- Las raíces del atraso -- Hacia una morfología del atraso (I) -- Hacia una morfología del atraso (II) -- El ascenso a la cumbre | |
| 546 | _aTraducido del inglés. | ||
| 650 | 1 | 4 |
_aDesarrollo económico. _918166 |
| 650 | 2 | 4 |
_aEconomía política. _xHistoria. _941842 |
| 700 | 1 |
_aWarman, Nathan, _etraductor _941843 |
|
| 942 |
_2ddc _cBK |
||
| 999 |
_c8745 _d8745 |
||